<?xml version="1.0" encoding="UTF-8"?>
<record
    xmlns:xsi="http://www.w3.org/2001/XMLSchema-instance"
    xsi:schemaLocation="http://www.loc.gov/MARC21/slim http://www.loc.gov/standards/marcxml/schema/MARC21slim.xsd"
    xmlns="http://www.loc.gov/MARC21/slim">

  <leader>02992nam a2200337 a 4500</leader>
  <controlfield tag="003">OSt</controlfield>
  <controlfield tag="005">20250612093549.0</controlfield>
  <controlfield tag="007">cr ||||||a|c|a</controlfield>
  <controlfield tag="008">240621s2021    mx a|||fom||| 001 0 spa d</controlfield>
  <datafield tag="040" ind1=" " ind2=" ">
    <subfield code="e">rda</subfield>
  </datafield>
  <datafield tag="100" ind1="1" ind2=" ">
    <subfield code="9">189244</subfield>
    <subfield code="a">Quintero Cabrera, David</subfield>
  </datafield>
  <datafield tag="245" ind1="1" ind2="0">
    <subfield code="a">Caracterizaci&#xF3;n morfol&#xF3;gica y molecular de la cenicilla (Golovinomyces biocellatus ) asociadas a la ra&#xED;z de manzo (Viguiera excelsa) /</subfield>
    <subfield code="c">por David Quintero Cabrera; director de tesis Santos Gerardo Leyva Mir; secretario J. Antonio Tafoya Razo; vocal Jaime Alfredo Urz&#xFA;a Guti&#xE9;rrez; suplente Roney Solano Vidal; suplente Calixto Leopoldo Carrillo Fonseca.</subfield>
  </datafield>
  <datafield tag="264" ind1=" " ind2="1">
    <subfield code="a">Chapingo, M&#xE9;xico :</subfield>
    <subfield code="b">El autor,</subfield>
    <subfield code="c">2021.</subfield>
  </datafield>
  <datafield tag="300" ind1=" " ind2=" ">
    <subfield code="a">1 recurso en l&#xED;nea (44 p&#xE1;ginas):</subfield>
    <subfield code="b">cuadros, figuras.</subfield>
  </datafield>
  <datafield tag="336" ind1=" " ind2=" ">
    <subfield code="2">rdacontent</subfield>
    <subfield code="a">texto</subfield>
    <subfield code="b">txt</subfield>
  </datafield>
  <datafield tag="337" ind1=" " ind2=" ">
    <subfield code="2">rdamedia</subfield>
    <subfield code="a">computadora</subfield>
    <subfield code="b">c</subfield>
  </datafield>
  <datafield tag="338" ind1=" " ind2=" ">
    <subfield code="2">rdacarrier</subfield>
    <subfield code="a">recurso en l&#xED;nea</subfield>
    <subfield code="b">cr</subfield>
  </datafield>
  <datafield tag="502" ind1=" " ind2=" ">
    <subfield code="b">IAEPA</subfield>
    <subfield code="c">Parasitolog&#xED;a</subfield>
    <subfield code="d">2021.</subfield>
    <subfield code="g">LIC</subfield>
  </datafield>
  <datafield tag="504" ind1=" " ind2=" ">
    <subfield code="a">Incluye referencias bibliogr&#xE1;ficas: p&#xE1;ginas 25-29,42-44.</subfield>
  </datafield>
  <datafield tag="520" ind1=" " ind2=" ">
    <subfield code="a">Romerillo grueso (Viguiera excelsa) es una planta silvestre y end&#xE9;mica de M&#xE9;xico distribuida en lugares perturbados y de vegetaci&#xF3;n secundaria derivada generalmente de encinares y bosques tropicales. Durante Junio de 2018 plantas de esta especie creciendo de manera natural exhibieron s&#xED;ntomas de cenicilla en las hojas y peciolos en el estado de Hidalgo, M&#xE9;xico. El micelio encontrado fue anf&#xED;geno, hialino el cual present&#xF3; apresorios hifales ligeramente lobulados. Tambi&#xE9;n se encontraron conidios de forma doliiforme a elipsoide-ovoide, 27.24 a 39.57 x 12.18 a 21.79 &#x3BC;m (n=100), con cuerpos fibrosina ausentes, as&#xED; mismo los conidios presentaron tubos germinativos de tipo Reticuloidium. Los caracteres morfol&#xF3;gicos fueron consistentes por los descritos para Golovynomyces biocellatus por Braun y Cook (1987) y el tipo de tubo germinativo coincide con lo reportado por Cook y Braun (2009). Para confirmar la identificaci&#xF3;n, la regi&#xF3;n ITS del rDNA fue amplificada usando los primers ITS5 y ITS4 (White et al.1990). Tambi&#xE9;n se amplifico la regi&#xF3;n 28S del rDNA mediante una PCR anidad con los primers PM3 (Takamatsu y Kano, 2001) y TW14 (Mori et al., 2000) para la primera reacci&#xF3;n, y para la segunda reacci&#xF3;n se emplearon los primers NL1 y TW14 (Mori et al., 2000).</subfield>
  </datafield>
  <datafield tag="650" ind1=" " ind2="4">
    <subfield code="a">Viguiera excelsa</subfield>
    <subfield code="x">Enfermedades por hongos</subfield>
    <subfield code="9">189245</subfield>
  </datafield>
  <datafield tag="650" ind1=" " ind2="4">
    <subfield code="9">135180</subfield>
    <subfield code="a">Golovinomyces biocellatus</subfield>
    <subfield code="x">Identificaci&#xF3;n</subfield>
  </datafield>
  <datafield tag="650" ind1=" " ind2="4">
    <subfield code="9">189246</subfield>
    <subfield code="a">Golovinomyces biocellatus</subfield>
    <subfield code="x">Fisiolog&#xED;a y morfolog&#xED;a</subfield>
  </datafield>
  <datafield tag="700" ind1="1" ind2=" ">
    <subfield code="a">Leyva Mir, Santos Gerardo</subfield>
    <subfield code="e">Director de tesis.</subfield>
    <subfield code="9">66581</subfield>
  </datafield>
  <datafield tag="700" ind1="0" ind2=" ">
    <subfield code="a">Tafoya Razo, Jos&#xE9; Antonio</subfield>
    <subfield code="e">Secretario.</subfield>
    <subfield code="9">111341</subfield>
  </datafield>
  <datafield tag="700" ind1="1" ind2=" ">
    <subfield code="9">117018</subfield>
    <subfield code="a">Urz&#xFA;a Guti&#xE9;rrez, Jaime Alfredo</subfield>
    <subfield code="e">Vocal.</subfield>
  </datafield>
  <datafield tag="700" ind1="1" ind2=" ">
    <subfield code="9">189248</subfield>
    <subfield code="a">Solano Vidal, Roney</subfield>
    <subfield code="e">Suplente.</subfield>
  </datafield>
  <datafield tag="700" ind1="1" ind2=" ">
    <subfield code="9">19482</subfield>
    <subfield code="a">Carrillo Fonseca, Calixto Leopoldo</subfield>
    <subfield code="e">Suplente.</subfield>
  </datafield>
  <datafield tag="856" ind1=" " ind2=" ">
    <subfield code="u">http://10.13.5.2/tesis/tl/2021_PA_Quintero_Cabrera_David.pdf</subfield>
    <subfield code="z">DESCARGAR PDF</subfield>
  </datafield>
  <datafield tag="942" ind1=" " ind2=" ">
    <subfield code="2">Clasificaci&#xF3;n Universidad Aut&#xF3;noma Chapingo</subfield>
    <subfield code="c">TD</subfield>
  </datafield>
  <datafield tag="999" ind1=" " ind2=" ">
    <subfield code="c">220010</subfield>
    <subfield code="d">220010</subfield>
  </datafield>
  <datafield tag="952" ind1=" " ind2=" ">
    <subfield code="0">0</subfield>
    <subfield code="1">0</subfield>
    <subfield code="2">local</subfield>
    <subfield code="4">0</subfield>
    <subfield code="5">1</subfield>
    <subfield code="7">0</subfield>
    <subfield code="8">TesDigL</subfield>
    <subfield code="a">BD</subfield>
    <subfield code="b">BD</subfield>
    <subfield code="c">E_L</subfield>
    <subfield code="d">2024-06-21</subfield>
    <subfield code="l">0</subfield>
    <subfield code="o">Tesis digital</subfield>
    <subfield code="r">2024-06-21 00:00:00</subfield>
    <subfield code="w">2024-06-21</subfield>
    <subfield code="y">TD</subfield>
  </datafield>
</record>
